000 00670nam a2200229 i 4500
001 C2-0307789
003 PPAK
005 20180728094529.0
008 110327s1991 my a|||| ||||| | may d
040 _aPPAK
_beng
_cPPAK
_erda
082 0 4 _a915.95
_223
090 0 0 _a915.95
_bAPA
_dKK
245 0 0 _aApa khabar Langkawi?
264 1 _a[Kuala Lumpur] :
_b[publisher not identified] ,
_c1991
300 _a[2 pages] :
_billustrations ;
_c30 cm
336 _2rdacontent
_atext
337 _2rdamedia
_aunmediated
338 _2rdacarrier
_avolume
500 _aPetikan dari Dewan Budaya Februari 1991
650 1 0 _aMalaysia - Description and travel
942 _ddc
_cB
999 _c110487
_d110487